000 00266nam a22001217a 4500
008 181016b xxu||||| |||| 00| 0 eng d
041 _aeng
080 _a330
100 _a52
101 _aEKO
245 _aMarx and Modern Economics
_cHorowitz,D
942 _2udc
_cBK
999 _c49814
_d49814